<?xml version="1.0" encoding="UTF-8"?>
<record
    xmlns:xsi="http://www.w3.org/2001/XMLSchema-instance"
    xsi:schemaLocation="http://www.loc.gov/MARC21/slim http://www.loc.gov/standards/marcxml/schema/MARC21slim.xsd"
    xmlns="http://www.loc.gov/MARC21/slim">

  <leader>00581cam a2200241ua 4500</leader>
  <controlfield tag="001">12090</controlfield>
  <controlfield tag="003">OSt</controlfield>
  <controlfield tag="005">20230922145943.0</controlfield>
  <controlfield tag="008">141120n1999    II  |||gr||||Z||||||eng</controlfield>
  <datafield tag="020" ind1=" " ind2=" ">
    <subfield code="a">8187210001</subfield>
  </datafield>
  <datafield tag="040" ind1=" " ind2=" ">
    <subfield code="a">MAIN</subfield>
    <subfield code="c"> </subfield>
  </datafield>
  <datafield tag="041" ind1=" " ind2=" ">
    <subfield code="a">English</subfield>
  </datafield>
  <datafield tag="082" ind1=" " ind2=" ">
    <subfield code="a">541 </subfield>
    <subfield code="b">PUR</subfield>
  </datafield>
  <datafield tag="100" ind1=" " ind2=" ">
    <subfield code="a">PURI , SHARMA &amp; PATHANIA.</subfield>
  </datafield>
  <datafield tag="245" ind1=" " ind2=" ">
    <subfield code="a">PRINCIPLES OF PHYSICAL CHEMISTRY</subfield>
  </datafield>
  <datafield tag="250" ind1=" " ind2=" ">
    <subfield code="a">48TH</subfield>
  </datafield>
  <datafield tag="260" ind1=" " ind2=" ">
    <subfield code="a">NEW DELHI</subfield>
    <subfield code="b">S.CHAND &amp; COMPANY</subfield>
    <subfield code="c">2023</subfield>
  </datafield>
  <datafield tag="300" ind1=" " ind2=" ">
    <subfield code="a">1353:</subfield>
    <subfield code="c">22CM.</subfield>
  </datafield>
  <datafield tag="653" ind1=" " ind2=" ">
    <subfield code="a">Physical chemistry</subfield>
  </datafield>
  <datafield tag="700" ind1=" " ind2=" ">
    <subfield code="a">PATHANIA, M.S.</subfield>
  </datafield>
  <datafield tag="700" ind1=" " ind2=" ">
    <subfield code="a">SHARMA. L.S.</subfield>
  </datafield>
  <datafield tag="942" ind1=" " ind2=" ">
    <subfield code="c">BK</subfield>
    <subfield code="2">ddc</subfield>
  </datafield>
  <datafield tag="999" ind1=" " ind2=" ">
    <subfield code="c">30436</subfield>
    <subfield code="d">30436</subfield>
  </datafield>
  <datafield tag="952" ind1=" " ind2=" ">
    <subfield code="0">0</subfield>
    <subfield code="1">0</subfield>
    <subfield code="2">ddc</subfield>
    <subfield code="4">0</subfield>
    <subfield code="7">0</subfield>
    <subfield code="8">TBCHE</subfield>
    <subfield code="a">MAIN</subfield>
    <subfield code="b">MAIN</subfield>
    <subfield code="c">CH#</subfield>
    <subfield code="d">2023-09-21</subfield>
    <subfield code="e">KITAP GHAR</subfield>
    <subfield code="l">0</subfield>
    <subfield code="o">541  PUR</subfield>
    <subfield code="p">49151</subfield>
    <subfield code="r">2023-09-22 00:00:00</subfield>
    <subfield code="t">1</subfield>
    <subfield code="w">2023-09-22</subfield>
    <subfield code="y">BK</subfield>
    <subfield code="z">V</subfield>
  </datafield>
  <datafield tag="952" ind1=" " ind2=" ">
    <subfield code="0">0</subfield>
    <subfield code="1">0</subfield>
    <subfield code="2">ddc</subfield>
    <subfield code="4">0</subfield>
    <subfield code="7">0</subfield>
    <subfield code="8">TBCHE</subfield>
    <subfield code="a">MAIN</subfield>
    <subfield code="b">MAIN</subfield>
    <subfield code="c">CH#</subfield>
    <subfield code="d">2023-09-21</subfield>
    <subfield code="e">KITAP GHAR</subfield>
    <subfield code="l">1</subfield>
    <subfield code="o">541  PUR</subfield>
    <subfield code="p">49152</subfield>
    <subfield code="r">2026-02-12 08:54:59</subfield>
    <subfield code="s">2026-02-03</subfield>
    <subfield code="t">2</subfield>
    <subfield code="w">2023-09-22</subfield>
    <subfield code="y">BK</subfield>
    <subfield code="z">V</subfield>
  </datafield>
</record>
